| 000 | 00657nam a2200217 a 4500 | ||
|---|---|---|---|
| 001 | 000036427 | ||
| 005 | 20240305140710.0 | ||
| 008 | 120117s1996 ec 000 0 spa d | ||
| 020 | _a9978800190 | ||
| 040 |
_aDO-SdBNP _bspa _cBNPHU |
||
| 082 |
_axxxx _bI73M |
||
| 100 | 1 |
_aIsaacs, Jorge, _d1837-1895 _917342 |
|
| 245 | 1 | 0 |
_aMaría / _cJorge Isaacs, estudio intruductorio y notas de Alejandro Carrión. |
| 260 |
_aQuito : _bLibresa, _c1996. |
||
| 300 |
_a294 p. ; _c21 cm. |
||
| 490 | 1 |
_aAntares _v26 |
|
| 500 | _aDécimo primera reimpresión | ||
| 590 | _aInventariado, 2019 / DG | ||
| 700 | 1 |
_aCarrión, Alejandro _913388 |
|
| 830 | 0 |
_aAntares _v26 _911341 |
|
| 999 |
_c35918 _d35918 |
||